000 00212nam a22000857a 4500
008 160908b xxu||||| |||| 00| 0 eng d
100 _9334
_aPan
245 _aHindi Stories-7
260 _aNew Delhi
_bA.P publication
_c2009
999 _c2994
_d2994